000
00307nam a22001097a 4500
008
230626b xxu||||| |||| 00| 0 eng d
082
_a
337.1
_b
EAC 2001
245
_a
Dialogue on the East African Private Sector Sector Development Strategy
260
_a
Arusha
_b
EAC
_c
2001
300
_a
X,160p
942
_2
ddc
_c
BK
999
_c
2762
_d
2762